000 01017nam a2200253Ia 4500
003 OSt
005 20220923224227.0
006 a|||||r|||| 00| 0
007 ta
008 220922b |||||||| |||| 00| 0 hin d
024 _a229,620
037 _cTextual
040 _aARTS
_cARTS
_bhin
041 _2hin
_ahin
082 _aX:3M24xM18, 152P6-;1
100 _aएवेलिंग, एडवर्ड बाबिंस; नरेश 'नदीम', संपा.
_9167850
245 0 _aमार्क्स की 'पूॅंजी'
_b एक सरल परिचय
246 _aMārksa kī 'pūॅanjī': ek saral parichaya
260 _aनयी दिल्ली
_b प्रकाशन संस्थान
_c2006
300 _a160पृ.
_ccm.
490 _aलोकचेतना - 13
942 _hX:3M24xM18, 152P6-;1
_cTEXL
_2CC
999 _c370108
_d370108